| 000 | 00375nam a22001217a 4500 | ||
|---|---|---|---|
| 082 | _a200 THE | ||
| 100 |
_aMUHAMMAD ASAD _9322 |
||
| 245 | _aTH-SOF-1638-A Comparative Analysis of Hairpin Resonator and Split Cuboid Resonator | ||
| 260 |
_aISLAMABAD _bNUST COLLEGE OF EME _c2019 |
||
| 650 | _aMS-ELECT-83 MSTHESIS | ||
| 700 |
_aSupervisor Dr. Tahir Zaidi _969770 |
||
| 942 | _cCF | ||
| 999 |
_c576962 _d576962 |
||